Infracciones penales relacionadas con instrumentos mercantiles de crďito y debito

Detalles Bibliográficos
Autor principal: Ferro Veiga, Jos ̌Manuel
Formato: eBook
Lenguaje:español
Publicado: Alicante : Editorial Club Universitario, 2013
Materias:
Acceso en línea:http://www.vlex.com/source/11326

MARC

LEADER 00000nam a22000007a 4500
005 20130614120437.0
007 cr|||| ||||
008 130614e2013 sp |||||s|||| 00||0 spa d
020 |a 978-84-9948-444-0  
035 |a 11326 
040 |a vLex 
090 |c 4360  |d 4360 
100 1 0 |a Ferro Veiga, Jos ̌Manuel 
245 1 0 |a Infracciones penales relacionadas con instrumentos mercantiles de crďito y debito  |c / Jos ̌Manuel Ferro Veiga   |h [Recurso electrn̤ico] 
256 |a Servicio en ln̕ea 
260 |a Alicante :  |b Editorial Club Universitario,   |c 2013 
300 |a 1 Recurso electrn̤ico 
506 |a Contenido solo disponible en los productos indicados  |d vLex Global   |d vLex Global (Academic Edition, excluding Law Schools)  |d vLex Global (U.S. Academic Edition, Law Schools)  |d vLex Global (U.S. Academic Edition, excluding Law Schools)  |d vLex Global (Academic Edition, Law Schools) 
650 4 |a Derecho mercantil  |z Espaą 
650 4 |a Derecho penal  |z Espaą 
740 |a vLex Libros (Servicio en ln̕ea) 
856 |a Acceso restringido  |u http://www.vlex.com/source/11326 
942 |c BOOK 
999 0 |a Criminal procedure